Täglich erzeugter Müll - Statistiken

Allgemein
  • Dieses Quiz wurde 143 mal gespielt
    41 seit der letzten Aktualisierung
  • Das Durchschnittsergebnis liegt bei 14 aus 36
Antwortstatistiken
Land % Korrekt
Deutschland
100%
Vereinigte Staaten
95%
Italien
86%
Spanien
86%
Kanada
81%
Österreich
78%
Schweiz
76%
Australien
70%
Niederlande
70%
Norwegen
70%
Dänemark
62%
Finnland
62%
Portugal
62%
Neuseeland
54%
Griechenland
51%
Südafrika
46%
Irland
43%
Luxemburg
41%
Singapur
30%
Israel
22%
Zypern
19%
Sri Lanka
16%
Fidschi
14%
Samoa
14%
Kuwait
11%
Bahamas
8%
Nauru
8%
Seychellen
8%
Guyana
5%
Mauritius
5%
Salomonen
5%
Tonga
5%
Vanuatu
5%
Barbados
3%
Komoren
3%
Belize
0%
Keine übereinstimmenden Quizze gefunden
Verteilung der Resultate
Anzahl Personen mit jedem Resultat
Perzentil nach korrekt beantworteten Fragen
Ihre Resultats-Entwicklung
Sie haben dieses Quiz seit der letzten Aktualisierung nicht gespielt